Zaznacz miasta, które należą do danego województwa. cz.1 - Statystyki

Ogólne statystyki
  • Ten quiz został rozwiązany 172 razy
  • Średni wynik to 27 z 36
Statystyki odpowiedzi
Zagadnienie Komórka Select % Poprawnych
które należą do województwa Mazowieckiego. Radom Tak
90%
które należą do województwa Mazowieckiego. Łuków Nie
88%
które należą do województwa Mazowieckiego. Włocławek Nie
88%
które należą do województwa Mazowieckiego. Piotrków Trybunalski Nie
87%
które należą do województwa Zachodnio-Pomorskiego. Elbląg Nie
84%
które należą do województwa Lubelskiego. Tarnów Nie
84%
które należą do województwa Dolnośląskiego. Kalisz Nie
83%
które należą do województwa Lubelskiego. Mielec Nie
83%
które należą do województwa Mazowieckiego. Płock Tak
83%
które należą do województwa Zachodnio-Pomorskiego. Świnoujście Tak
83%
które należą do województwa Zachodnio-Pomorskiego. Bytów Nie
81%
które należą do województwa Mazowieckiego. Łomża Nie
81%
które należą do województwa Zachodnio-Pomorskiego. Piła Nie
81%
które należą do województwa Mazowieckiego. Siedlce Tak
81%
które należą do województwa Dolnośląskiego. Zielona Góra Nie
81%
które należą do województwa Zachodnio-Pomorskiego. Kołobrzeg Tak
79%
które należą do województwa Lubelskiego. Krosno Nie
79%
które należą do województwa Dolnośląskiego. Legnica Tak
79%
które należą do województwa Dolnośląskiego. Wieluń Nie
79%
które należą do województwa Zachodnio-Pomorskiego. Władysławowo Nie
78%
które należą do województwa Lubelskiego. Zamość Tak
77%
które należą do województwa Lubelskiego. Stalowa Wola Nie
76%
które należą do województwa Dolnośląskiego. Leszno Nie
75%
które należą do województwa Dolnośląskiego. Wałbrzych Tak
74%
które należą do województwa Dolnośląskiego. Kluczbork Nie
72%
które należą do województwa Zachodnio-Pomorskiego. Szczecinek Tak
72%
które należą do województwa Mazowieckiego. Ciechanowiec Nie
71%
które należą do województwa Dolnośląskiego. Jelenia Góra Tak
70%
które należą do województwa Zachodnio-Pomorskiego. Słupsk Nie
69%
które należą do województwa Lubelskiego. Kraśnik Tak
64%
które należą do województwa Lubelskiego. Biłgoraj Tak
62%
które należą do województwa Dolnośląskiego. Lubin Tak
61%
które należą do województwa Zachodnio-Pomorskiego. Mielno Tak
61%
które należą do województwa Mazowieckiego. Płońsk Tak
58%
które należą do województwa Lubelskiego. Radzyń Podlaski Tak
54%
które należą do województwa Lubelskiego. Lubaczów Nie
49%
Nie znaleziono quizów pasujących do podanych kryteriów
Rozkład punktacji
Procent ludzi z każdym wynikiem
Percentyl według liczby udzielonych odpowiedzi
Twoja historia wyników
Nie rozwiązałeś tego quizu